Globalization and Religious Resurgence: An Historical Perspective

Saved in:  
Bibliographic Details
Main Author: Tehranian, Majid 1937-2012 (Author)
Format: Electronic Article
Language:English
Check availability: HBZ Gateway
Interlibrary Loan:Interlibrary Loan for the Fachinformationsdienste (Specialized Information Services in Germany)
Published: 2007
In: The Muslim world
Year: 2007, Volume: 97, Issue: 3, Pages: 385-394
Online Access: Volltext (lizenzpflichtig)
Volltext (lizenzpflichtig)

MARC

LEADER 00000caa a22000002c 4500
001 193115242X
003 DE-627
005 20250719055341.0
007 cr uuu---uuuuu
008 250718s2007 xx |||||o 00| ||eng c
024 7 |a 10.1111/j.1478-1913.2007.00185.x  |2 doi 
035 |a (DE-627)193115242X 
035 |a (DE-599)KXP193115242X 
040 |a DE-627  |b ger  |c DE-627  |e rda 
041 |a eng 
084 |a 0  |2 ssgn 
100 1 |e VerfasserIn  |0 (DE-588)1240438249  |0 (DE-627)1768423709  |4 aut  |a Tehranian, Majid  |d 1937-2012 
109 |a Tehranian, Majid 1937-2012  |a Tihrāniyān, Maǧīd 1937-2012  |a Tihrāniyān, Majīd 1937-2012  |a تهرانيان، مجيد 1937-2012 
245 1 0 |a Globalization and Religious Resurgence: An Historical Perspective 
264 1 |c 2007 
336 |a Text  |b txt  |2 rdacontent 
337 |a Computermedien  |b c  |2 rdamedia 
338 |a Online-Ressource  |b cr  |2 rdacarrier 
773 0 8 |i Enthalten in  |t The Muslim world  |d Hartford, Conn. : Hartford Seminary Foundation, 1911  |g 97(2007), 3, Seite 385-394  |h Online-Ressource  |w (DE-627)341340766  |w (DE-600)2066784-X  |w (DE-576)105797065  |x 1478-1913  |7 nnas 
773 1 8 |g volume:97  |g year:2007  |g number:3  |g pages:385-394 
856 4 0 |u https://doi.org/10.1111/j.1478-1913.2007.00185.x  |x Resolving-System  |z lizenzpflichtig  |3 Volltext  |7 1 
856 4 0 |u https://onlinelibrary.wiley.com/doi/abs/10.1111/j.1478-1913.2007.00185.x  |x Verlag  |z lizenzpflichtig  |3 Volltext  |7 1 
935 |a mteo 
951 |a AR 
ELC |a 1 
ITA |a 1  |t 1 
LOK |0 000 xxxxxcx a22 zn 4500 
LOK |0 001 4747368248 
LOK |0 003 DE-627 
LOK |0 004 193115242X 
LOK |0 005 20250718055551 
LOK |0 008 250718||||||||||||||||ger||||||| 
LOK |0 035   |a (DE-Tue135)IxTheo#2025-07-16#252731D03725E24109FCF879AA6D04623192D56F 
LOK |0 040   |a DE-Tue135  |c DE-627  |d DE-Tue135 
LOK |0 092   |o n 
LOK |0 852   |a DE-Tue135 
LOK |0 852 1  |9 00 
LOK |0 935   |a ixrk  |a ixzs  |a zota 
LOK |0 939   |a 18-07-25  |b l01 
ORI |a SA-MARC-ixtheoa001.raw 
REL |a 1 
SUB |a REL